00691nam a2200169 a 450000100100000000500170001000800410002702000150006804000250008310000450010824501070015326000690026030000210032958600490035095201050039999900170050400004402020201002045110.0140513s1993 sp 000 0 spa d a8488675003 aDO-SdBNPbspacBNPHU1 aPanero Martínez, José Antonio97199810aEleonor Mermelada perdio el mixto a cienfuegos :by otros relatos /cJosé Antonio Panero Martínez. a[Madrid] :bFundación de los Ferrocarriles Españoles,c1993. a105 p. ;c21 cm. aIX Premio narraciones breves Antonio Machado 001050718MOaGRbGRcCTd2014-05-13iLF1l0o p44020-10r2020-06-25w2020-06-25y1ZNo se presta c43509d43509